| 000 | 00930nam a22002777a 4500 | ||
|---|---|---|---|
| 001 | 7905 | ||
| 003 | FISKH | ||
| 005 | 20250813113410.0 | ||
| 008 | 250813b cb ||||| |||| 00| 0 eng d | ||
| 020 | _a9780688178383 | ||
| 040 |
_aFISKH _beng _cFISKH _dFISKH |
||
| 050 | _aQC145 .C63 | ||
| 082 | _a546.22 | ||
| 100 | _aCobb, Vicki | ||
| 245 |
_aI get wet / _cby Vicki Cobb ; illustrated by Julia Gorton |
||
| 260 |
_aHong Kong : _bHarpercollins, _c2002. |
||
| 300 |
_a32 unnumbered pages : _bcolor illustrations ; _c26 cm |
||
| 505 | _aC | ||
| 520 | _aRenowned science author Vicki Cobb has concocted just the right formula for making scientific principles easy for even the youngest kids to understand. | ||
| 521 | 8 |
_a40
_bLexile estimate |
|
| 521 | 8 |
_aC
_bRaz-Plus |
|
| 650 |
_aProperties of Water _vScience _xExperiments |
||
| 700 |
_aGorton, Julia _eillustrator |
||
| 942 |
_2ddc _cBK _n0 |
||
| 999 |
_c7905 _d7905 |
||